Social Work Practice and Psychopharmacology: (Record no. 32389)

000 -LEADER
fixed length control field 00671nam a22001817a 4500
008 - FIXED-LENGTH DATA ELEMENTS--GENERAL INFORMATION
fixed length control field 260324b |||||||| |||| 00| 0 eng d
020 ## - INTERNATIONAL STANDARD BOOK NUMBER
International Standard Book Number 9780826102171
100 ## - MAIN ENTRY--PERSONAL NAME
Personal name Dziegielewski, Sophia F.
245 ## - TITLE STATEMENT
Title Social Work Practice and Psychopharmacology:
Remainder of title A Person-in-Environment Approach/
Statement of responsibility, etc. Sophia F. Dziegielewski
250 ## - EDITION STATEMENT
Edition statement 2nd Edition
260 ## - PUBLICATION, DISTRIBUTION, ETC. (IMPRINT)
Place of publication, distribution, etc. New York:
Name of publisher, distributor, etc. Springer Publishing Company,
Date of publication, distribution, etc. 2009.
300 ## - PHYSICAL DESCRIPTION
Extent xix, 531p.:
Other physical details ill.;
Dimensions 23cm.
504 ## - BIBLIOGRAPHY, ETC. NOTE
Bibliography, etc Includes bibliographical references (516-531p) and index
650 ## - SUBJECT ADDED ENTRY--TOPICAL TERM
Source of heading or term Medical social work
650 ## - SUBJECT ADDED ENTRY--TOPICAL TERM
Source of heading or term Pharmacology
760 ## - MAIN SERIES ENTRY
Edition 2nd Edition
942 ## - ADDED ENTRY ELEMENTS (KOHA)
Source of classification or shelving scheme
Classification part HV 688 .A2D95 2009
Koha item type Hard Covered Materials
Holdings
Withdrawn status Lost status Source of classification or shelving scheme Damaged status Not for loan Home library Current library Shelving location Date acquired Source of acquisition Cost, normal purchase price Total Checkouts Full call number Barcode Date last seen Price effective from Koha item type
          MACHAKOS UNIVERSITY LIBRARY MACHAKOS UNIVERSITY LIBRARY Open shelf 16/10/2025 Donation- Falcon 13065.00   HV 688 .A2D95 2009 40340 11/06/2026 24/03/2026 Hard Covered Materials
          MACHAKOS UNIVERSITY LIBRARY MACHAKOS UNIVERSITY LIBRARY Open shelf 16/10/2025 Donation- Falcon 13065.00   HV 688 .A2D95 2009 40341 11/06/2026 24/03/2026 Hard Covered Materials
          MACHAKOS UNIVERSITY LIBRARY MACHAKOS UNIVERSITY LIBRARY Open shelf 16/10/2025 Donation- Falcon 13065.00   HV 688 .A2D95 2009 40396 11/06/2026 24/03/2026 Hard Covered Materials
© Machakos University Library, Along The Highway, Machakos Wote Rd, Machakos, Kenya P.O. Box 136 - 90100 Machakos - Kenya

Tel: ( +254 ) 723 805829 OR Fax : 044-20353 OR Email: library@mksu.ac.ke